|
|
|
|
| LEADER |
00000nam a22000007i 4500 |
| 001 |
IT\ICCU\BCT\0065439 |
| 003 |
ItRI |
| 005 |
20250828171401.0 |
| 008 |
220414s1999 fr |||||| ||||| |||||c |
| 020 |
|
|
|a 2723428664
|
| 024 |
3 |
1 |
|a 9782723428668
|
| 040 |
|
|
|b ita
|c ct
|
| 041 |
|
7 |
|a fre
|2 ISO-639-2
|
| 100 |
1 |
|
|a König, Ralf
|0 IT\ICCU\PUVV\346230
|4 aut
|
| 240 |
1 |
0 |
|a Jago
|9 König, Ralf
|
| 245 |
1 |
0 |
|a Iago /
|c Ralf König.
|
| 260 |
|
|
|a Grenoble :
|b Glénat,
|c ©1999
|
| 300 |
|
|
|a 181 p. :
|b fumetti ;
|c 29 cm
|
| 942 |
|
|
|2 ddc
|c BK
|
| 952 |
|
|
|0 0
|1 0
|2 ddc
|4 0
|6 B_FEU01KONRAIAG11
|7 0
|9 9102
|a MI
|b MI
|d 2011-11-07
|i 6296
|l 0
|o B-FEU01-KONRA-IAG11
|p CDOM6296
|r 2025-07-17 21:50:00
|w 2025-07-17
|x ACQUISTO
|y BK
|
| 981 |
|
1 |
|6 z01
|a i
|b xxxe
|
| 982 |
|
1 |
|6 z01
|a n
|
| 999 |
|
|
|c 7578
|d 7578
|